000 00304nam a22001337a 4500
008 250417b |||||||| |||| 00| 0 eng d
020 _a812250003
050 _aJF 1525
_b.S43
100 _aSharma M.P
245 _aPublic Administration
260 _aIndia
_bKitab Matal
300 _a1132p.
942 _cBK
999 _c3051
_d3051